[Event "Montigny le Bretonneux op 20th"]
[Site "Montigny le Bretonneux"]
[Date "2022.10.28"]
[Round "7"]
[White "Ganbat, Tushig"]
[Black "Schwartz, Timothee"]
[Result "0-1"]
[WhiteElo "1309"]
[BlackElo "1334"]
[PlyCount "94"]
[EventDate "2022.10.22"]
[EventType "swiss"]
[EventRounds "9"]
[EventCountry "FRA"]
[SourceTitle "EXT 2024"]
[Source "ChessBase"]
[SourceDate "2023.10.10"]
[SourceVersion "1"]
[SourceVersionDate "2023.10.10"]
[SourceQuality "1"]

1. e4 c5 2. Nf3 d6 3. Bb5+ Bd7 4. Bxd7+ Qxd7 5. 0-0 Nc6 6. Re1 Nf6 7. Nc3 g6 8. d3 Bg7 9. h3 0-0 10. Be3 Rab8 11. Qd2 b5 12. Bg5 e6 13. Rab1 b4 14. Nd1 a5 15. Bxf6 Bxf6 16. Ne3 a4 17. Ng4 Bg7 18. Qe2 a3 19. b3 Na7 20. Ne3 Nb5 21. Nd1 Bc3 22. Rf1 Qe7 23. Qe3 Bf6 24. e5 Bg7 25. exd6 Qxd6 26. Re1 Nc7 27. Nd2 Nd5 28. Ne4 Nxe3 29. Nxd6 Nxc2 30. Rf1 Rfd8 31. Ne4 Nd4 32. Nxc5 Rdc8 33. Ne4 Rc2 34. Ne3 Rxa2 35. Kh1 Ra8 36. Ra1 Rxa1 37. Rxa1 Nxb3 38. Ra2 Nc1 39. Rc2 a2 40. Rxc1 a1Q 41. Rxa1 Rxa1+ 42. Kh2 b3 43. Nc3 b2 44. Nc4 b1Q 45. Nxb1 Rxb1 46. Kg3 Rb3 47. Ne3 Rxd3 0-1

[Event "Montigny le Bretonneux op 20th"]
[Site "Montigny le Bretonneux"]
[Date "2022.10.27"]
[Round "6"]
[White "Boye Monneret, Leonard"]
[Black "Ganbat, Tushig"]
[Result "0-1"]
[WhiteElo "1199"]
[BlackElo "1309"]
[PlyCount "50"]
[EventDate "2022.10.22"]
[EventType "swiss"]
[EventRounds "9"]
[EventCountry "FRA"]
[SourceTitle "EXT 2024"]
[Source "ChessBase"]
[SourceDate "2023.10.10"]
[SourceVersion "1"]
[SourceVersionDate "2023.10.10"]
[SourceQuality "1"]

1. d4 Nf6 2. c4 e6 3. Nc3 Bb4 4. Qc2 h6 5. a3 Bxc3+ 6. Qxc3 b6 7. Nf3 Bb7 8. Bf4 d6 9. e3 Bxf3 10. gxf3 Nc6 11. d5 exd5 12. cxd5 Ne7 13. Bb5+ Kf8 14. e4 a6 15. Ba4 Ng6 16. Bg3 Kg8 17. Rc1 Ra7 18. 0-0 Qd7 19. Qc6 Qh3 20. Rfe1 Nh4 21. Bxh4 Qxh4 22. e5 Qg5+ 23. Kf1 dxe5 24. Rxe5 Qxe5 25. Re1 Qd6 0-1

[Event "Montigny le Bretonneux op 20th"]
[Site "Montigny le Bretonneux"]
[Date "2022.10.26"]
[Round "5"]
[White "Ganbat, Tushig"]
[Black "Rosu, Matei"]
[Result "1-0"]
[WhiteElo "1309"]
[BlackElo "1118"]
[PlyCount "67"]
[EventDate "2022.10.22"]
[EventType "swiss"]
[EventRounds "9"]
[EventCountry "FRA"]
[SourceTitle "EXT 2024"]
[Source "ChessBase"]
[SourceDate "2023.10.10"]
[SourceVersion "1"]
[SourceVersionDate "2023.10.10"]
[SourceQuality "1"]

1. e4 e5 2. Nf3 Nc6 3. Bc4 Bc5 4. 0-0 Nf6 5. d3 h6 6. c3 d5 7. exd5 Nxd5 8. b4 Bb6 9. Bxd5 Qxd5 10. c4 Qd7 11. c5 Nxb4 12. cxb6 axb6 13. a3 0-0 14. Nxe5 Qd4 15. Nc4 b5 16. Bb2 Qxd3 17. axb4 Qxd1 18. Rxd1 Rxa1 19. Bxa1 bxc4 20. Nd2 Rd8 21. Kf1 Bf5 22. Ke2 Bd3+ 23. Ke3 Re8+ 24. Kd4 Re2 25. Nxc4 Bc2 26. Rc1 Rxf2 27. Ne3 Rd2+ 28. Ke5 Re2 29. Kf4 Ba4 30. Rxc7 Bc6 31. Rc8+ Kh7 32. Rf8 g5+ 33. Kf5 Rxe3 34. Rh8# 1-0

[Event "Montigny le Bretonneux op 20th"]
[Site "Montigny le Bretonneux"]
[Date "2022.10.23"]
[Round "2"]
[White "Cogez, Celine"]
[Black "Ganbat, Tushig"]
[Result "1-0"]
[WhiteElo "1651"]
[BlackElo "1309"]
[PlyCount "127"]
[EventDate "2022.10.22"]
[EventType "swiss"]
[EventRounds "9"]
[EventCountry "FRA"]
[SourceTitle "EXT 2024"]
[Source "ChessBase"]
[SourceDate "2023.10.10"]
[SourceVersion "1"]
[SourceVersionDate "2023.10.10"]
[SourceQuality "1"]

1. e4 c5 2. c3 e6 3. d4 d5 4. exd5 exd5 5. Nf3 Nf6 6. Be3 cxd4 7. Nxd4 Nc6 8. Bb5 Bd7 9. h3 Nxd4 10. Bxd7+ Qxd7 11. Bxd4 Be7 12. 0-0 0-0 13. Nd2 b6 14. Nf3 h6 15. Qd3 Rac8 16. Rad1 Rfd8 17. Rfe1 Nh7 18. Re2 Bf6 19. Rde1 Re8 20. Rxe8+ Rxe8 21. Rxe8+ Qxe8 22. Kf1 Bxd4 23. Nxd4 Nf6 24. f3 Nh5 25. Ne2 Qc6 26. g4 Nf6 27. Nd4 Qc4 28. Qxc4 dxc4 29. Ke2 Nd5 30. Kd2 g6 31. Nb5 a6 32. Nd6 Nf4 33. Nxc4 b5 34. Ke3 Nxh3 35. Nd2 Kf8 36. b3 Ng5 37. c4 bxc4 38. bxc4 Ne6 39. Ke4 Ke7 40. Kd5 Kd7 41. Ne4 h5 42. gxh5 Nf4+ 43. Ke5 Nxh5 44. Nf6+ Nxf6 45. Kxf6 Ke8 46. c5 a5 47. f4 Kd7 48. Kxf7 Kc6 49. Kxg6 Kxc5 50. f5 Kb4 51. f6 Ka3 52. f7 Kxa2 53. f8Q a4 54. Qf2+ Kb3 55. Qe3+ Kb2 56. Qd4+ Kb3 57. Qd3+ Kb2 58. Qb5+ Ka3 59. Kf5 Ka2 60. Qxa4+ Kb2 61. Ke4 Kc1 62. Qa2 Kd1 63. Kd3 Ke1 64. Qe2# 1-0